ห้องสมุด วิทยาลัยพยาบาลบรมราชชนนี อุดรธานี
Boromarajonani College of Nursing, Udonthani
เปลี่ยนเป็นภาษาไทย

Change to English
 แสดงรายละเอียดบรรณานุกรม
  กลับหน้าหลัก

Brief Record : Get Marc (ISO 2709) : E-mail record : QR code ปิดหน้าต่าง
หนังสืออ้างอิง : เกี่ยวกับ Collections
mysqli: Table './ulib2015/stat_globaluid' is marked as crashed and last (automatic?) repair failed
select id from stat_globaluid where statuid='20260419041544_3971' 
mysqli: Table './ulib2015/stat_globaluid' is marked as crashed and last (automatic?) repair failed
DELETE FROM stat_globaluid
			WHERE id NOT IN (
			  SELECT id
			  FROM (
				SELECT id
				FROM stat_globaluid
				ORDER BY id DESC
				LIMIT 100
			  ) foo
			); 
mysqli: Table './ulib2015/stat_globaluid' is marked as crashed and last (automatic?) repair failed
insert into stat_globaluid set
		statuid='20260419041544_3971',
		dt='1776546944',
		phpself='/ULIB/dublinfull.php',
		agent='Mozilla/5.0 AppleWebKit/537.36 (KHTML, like Gecko; compatible; ClaudeBot/1.0; +claudebot@anthropic.com)',
		yea='2026',
		mon='4',
		dat='19',
		ip='216.73.216.142'
		
		
LEADER 00000nas 2200000uu 4500
001    13399121531
003     ULIBM
008    161128s||||||||th 000 0 tha d
022    19066724
245 00 ^aวารสารศูนย์อนามัยที่ 7 ขอนแก่น/^cศูนย์อนามัยที่ 7
260    ^aขอนแก่น:^bศูนย์อนามัยที่ 7 ขอนแก่น.
310    ^aราย 6 เดือน
650  7 ^aวารสาร
850 ^a ULIBM^bVolume 9 Issue 1 พ.ศ. (ส.ค. 2559 - ม.ค. 2560) c.1 ;Volume 9 Issue 2 พ.ศ. (ก.พ. - ก.ค. 2560) c.1 ;Volume 10 Issue 1 พ.ศ. (ส.ค. 2560 - ม.ค. 2561) c.1 ;Volume 11 Issue 1 พ.ศ. (ส.ค. 2560 - ม.ค. 2562) c.1
945    ^p0^l0^i82182
945    ^p0^l0^i82252
945    ^p0^l0^i82386
945    ^p0^l0^i82649
999    ^aพรปวีณ์
รายการนี้ยังไม่มีแท็ก
คุณยังไม่ได้ล็อกอิน คุณสามารถมีกิจกรรมร่วมกับเว็บไซต์ได้ แต่ต้องล็อกอินก่อน ::
  ล็อกอิน
ดูแบบ: กล่อง รายการ
ลำดับที่ ประเภท เลขเรียก/บาร์โค้ด สถานที่ สถานะ
1.
วารสาร
Volume 11 Issue 1 พ.ศ. (ส.ค. 2560 - ม.ค. 2562) c.1
  Barcode: 82649
วารสารOn Shelf
  ขอยืม
2.
วารสาร
Volume 10 Issue 1 พ.ศ. (ส.ค. 2560 - ม.ค. 2561) c.1
  Barcode: 82386
วารสารOn Shelf
  ขอยืม
3.
วารสาร
Volume 9 Issue 2 พ.ศ. (ก.พ. - ก.ค. 2560) c.1
  Barcode: 82252
วารสารOn Shelf
  ขอยืม
4.
วารสาร
Volume 9 Issue 1 พ.ศ. (ส.ค. 2559 - ม.ค. 2560) c.1
  Barcode: 82182
วารสารOn Shelf
  ขอยืม
   [แสดง 4/4 รายการ]
mysqli: Can't create/write to file '/var/tmp/#sql_59d_0.MAI' (Errcode: 2)
select * from index_db where titl like '%วารสารศูนย์อนามัยที่ 7 ขอนแก่น/ ศูนย์อนามัยที่ 7%' and mid<>'13399121531'  order by rand() limit 3
mysqli: Can't create/write to file '/var/tmp/#sql_59d_0.MAI' (Errcode: 2)
select * from index_db where subj like '%วารสาร%' and mid<>'13399121531'  order by rand() limit 3

BibComment


ยังไม่เคยถูกคอมเมนท์

คอมเมนท์ทรัพยากรรายการนี้
  คอมเมนท์: วารสารศูนย์อนามั..
Bib 13399121531

 
 
 

 Union Library Management : ULibM
Copyright 2026. All Rights Reserved.